| 000 | 00483nam 22001693 4500 | ||
|---|---|---|---|
| 001 | 200439 | ||
| 090 | _a200439 | ||
| 100 | _a20260206d u||y0pory50 ba | ||
| 200 |
_aEscravos do século vinte _fEdgard M. Berger, Oldemar Beskow |
||
| 210 |
_aSacavém _cPublicadora Atlântico _d1982 |
||
| 215 |
_a151 p. _cbrochado _d21 cm |
||
| 606 |
_9927 _aMedicina |
||
| 675 |
_a61 _vPT _zpor |
||
| 700 |
_916240 _aBerger _bEdgard M. |
||
| 701 |
_916241 _aBeskow _bOldemar |
||
| 801 |
_aPT _bBMMN _gRPC |
||
| 990 | _cLIVROS | ||